good 4 u - Olivia Rodrigo (All Lyrics) - Statistics

General Stats
  • This quiz has been taken 84 times
  • The average score is 324 of 416
Answer Stats
Lyrics % Correct
you,
100%
you
100%
You
100%
you?
100%
a
98%
for
98%
good
98%
Good
98%
I
98%
me
96%
me,
96%
and
94%
And
94%
happy
94%
healthy,
92%
car
91%
not
91%
on
91%
to
91%
If
89%
look
89%
the
89%
we
89%
my
87%
so
87%
ask
85%
cared
85%
do
85%
of
85%
ever
83%
guess
83%
that
83%
that?
83%
that,
83%
Well,
83%
with
83%
it
81%
really
81%
bathroom
79%
Cryin'
79%
floor
79%
who
79%
your
79%
Your
79%
like
77%
Like
77%
too
77%
don't
75%
never
75%
get
74%
in
74%
moved
74%
new
74%
night
74%
could
72%
easily
72%
girl
72%
(Girl)
72%
spent
72%
when
72%
baby
70%
Baby,
70%
doin'
70%
great
70%
said
70%
without
70%
You're
70%
you're
70%
But
68%
wish
68%
be
66%
I'm
66%
is
66%
there
66%
all
64%
brand
64%
found
64%
God,
64%
God
64%
lost
64%
mind,
64%
only
64%
want
64%
weeks
64%
better
62%
couple
62%
damn
62%
I've
62%
man
62%
Remember
62%
up
62%
world?
62%
(World)
62%
at
60%
give
60%
she
60%
sociopath
60%
took
60%
wanted
60%
can
58%
even
58%
emotional
57%
Maybe
57%
maybe
57%
screw
57%
what
57%
(Ah)
55%
(Ah
55%
ah
55%
ah)
55%
was
55%
fuck
53%
got
53%
met
53%
therapist
53%
helped
51%
Now
51%
off
51%
you've
51%
Or
49%
been
47%
It's
47%
it's
47%
know
47%
unaffected,
47%
will
47%
workin'
47%
yourself
47%
bought
45%
have
45%
takin'
45%
way
45%
wound
45%
career's
43%
apathy
42%
swore
42%
everything
40%
salt
40%
hurt
38%
Person
38%
gettin'
34%
happened
32%
apathy's
26%
No matching quizzes found
Score Distribution
Percent of People with Each Score
Percentile by Number Answered
Your Score History
You have not taken this quiz